El odio entre los grandes : (Registro nro. 4600)

Detalles MARC
000 -LEADER
fixed length control field 01146nam a2200253Ia 4500
003 - CONTROL NUMBER IDENTIFIER
control field OSt
005 - DATE AND TIME OF LATEST TRANSACTION
control field 20200406135718.0
008 - FIXED-LENGTH DATA ELEMENTS--GENERAL INFORMATION
fixed length control field 191128s2010 ck fr 000 0dspa d
020 ## - INTERNATIONAL STANDARD BOOK NUMBER
International Standard Book Number 9789584468659
040 ## - CATALOGING SOURCE
Original cataloging agency CO-JMCR
Transcribing agency CO-JMCR
041 0# - LANGUAGE CODE
Language code of text/sound track or separate title spa
082 04 - DEWEY DECIMAL CLASSIFICATION NUMBER
Classification number 179.8 /
Item number G569o
100 1# - MAIN ENTRY--PERSONAL NAME
Personal name Gómez Aristizábal, Horacio,
Relator term autor
9 (RLIN) 619
245 13 - TITLE STATEMENT
Title El odio entre los grandes :
Remainder of title políticos, académicos, artistas, religiosos, famosos : textos diversos y ensayos /
Statement of responsibility, etc. Horacio Gómez Aristizábal
260 ## - PUBLICATION, DISTRIBUTION, ETC.
Place of publication, distribution, etc. Bogotá :
Name of publisher, distributor, etc. Editorial Kimpres,
Date of publication, distribution, etc. 2010
300 ## - PHYSICAL DESCRIPTION
Extent 226 páginas ;
Dimensions 22 cm.
500 ## - GENERAL NOTE
General note Incluye datos biográficos del autor.
505 0# - FORMATTED CONTENTS NOTE
Formatted contents note El odio entre los grandes. Que odio tan odio, el de Voltaire contra Rousseau. Atroces insultos de Voltaire contra Rousseau -- Duro ataque de los grandes -- Sección política: "El odio entre liberales y conservadores" -- El odio entre latinoamericanos -- Las frases más hirientes contra las academias y los académicos
650 14 - SUBJECT ADDED ENTRY--TOPICAL TERM
Topical term or geographic name entry element Odio
9 (RLIN) 1591
650 14 - SUBJECT ADDED ENTRY--TOPICAL TERM
Topical term or geographic name entry element Casos
General subdivision envidia
9 (RLIN) 1592
650 14 - SUBJECT ADDED ENTRY--TOPICAL TERM
Topical term or geographic name entry element Casos
General subdivision personajes
9 (RLIN) 1593
650 14 - SUBJECT ADDED ENTRY--TOPICAL TERM
Topical term or geographic name entry element Aspectos psicológicos
9 (RLIN) 1594
942 ## - ADDED ENTRY ELEMENTS (KOHA)
Source of classification or shelving scheme Dewey Decimal Classification
Koha item type Books
Existencias
Withdrawn status Lost status Source of classification or shelving scheme Materials specified (bound volume or other part) Damaged status Not for loan Collection code Home library Current library Date acquired Source of acquisition Cost, normal purchase price Total Checkouts Full call number Barcode Date last seen Copy number Price effective from Koha item type
    Dewey Decimal Classification Donación--15/07/2019--     Non-fiction Biblioteca Pública José María del Castillo y Rada Biblioteca Pública José María del Castillo y Rada 07/15/2019 Donación 0.00   179.8 / G569o 201809604 05/16/2024 Ej.1 11/28/2019 Books